Land vs. Land #184 - Statistiken

Allgemein
  • Dieses Quiz wurde 19 mal gespielt
  • Das Durchschnittsergebnis liegt bei 12 aus 14
Antwortstatistiken
Frage Antwort % Korrekt
...Tourismus? Rumänien🇷🇴
100%
...Happy Planet Index? Rumänien🇷🇴
100%
...Frieden? Rumänien🇷🇴
100%
...Lebenserwartung? Rumänien🇷🇴
100%
...HDI (Human Development Index)? Rumänien🇷🇴
94%
...Gesundheitswesen? Rumänien🇷🇴
94%
...Gewinner? Rumänien🇷🇴
94%
...Militär? Irak🇮🇶
89%
...Bruttoinlandsprodukt pro Kopf? Rumänien🇷🇴
89%
...Fläche? Irak🇮🇶
78%
...Bruttoinlandsprodukt? Rumänien🇷🇴
78%
...Einwohner? Irak🇮🇶
72%
...Exportmengen? Rumänien🇷🇴
67%
...durchschnittlicher IQ? Irak🇮🇶
22%
Keine übereinstimmenden Quizze gefunden
Verteilung der Resultate
Anzahl Personen mit jedem Resultat
Perzentil nach korrekt beantworteten Fragen
Ihre Resultats-Entwicklung
Sie haben dieses Quiz noch nicht gespielt